000 00329nam a22001337a 4500
008 250428b |||||||| |||| 00| 0 eng d
020 _a9788131103241
050 _aPN 50
_b.S56
100 _aSinha.P.K
245 _aHistory Of Early Modern Literature
260 _aNew Delhi
_bCommon Wealth
_c2018
300 _a277p.
942 _cBK
999 _c3234
_d3234